000 00878nam a2200265 i 4500
001 000035936
003 DO-SdBNP
005 20260505111850.0
007 ta
008 111117s1992 dr ac 000 0 spa d
040 _aDO-SdBNP
_bspa
_cBNPHU
_erda
082 _a724.1
_bP397c
_222
100 1 _aPeña, Dionicio de Jesús,
_d1954-
_eautor
_961959
245 1 3 _aLa ciudad amurallada :
_bSanto Domingo colonial /
_cDionicio de Jesús Peña ; presentación Roberto Cassá.
264 _aSanto Domingo :
_bAlfa y Omega,
_c1992.
300 _a60 páginas :
_bilustraciones, retratos. ;
_c22 cm.
336 _ardacontent
_btexto
_2txt
337 _ardamedia
_bsin mediación
_2n
338 _ardacarrier
_bvolumen
_2nc
590 _aInventariado, 2021 / DG
650 4 0 _aArquitectura colonial
_979362
700 1 _aCassá, Roberto,
_d1948-
_910888
910 _aDG
942 _2ddc
_cLBS1
999 _c35427
_d35427